| 000 | 00577cam a2200193 4500500 | ||
|---|---|---|---|
| 005 | 20260329003631.0 | ||
| 041 | _afre | ||
| 042 | _adc | ||
| 100 | 1 | 0 |
_aPortevin, Catherine _eauthor |
| 245 | 0 | 0 | _aLa révolution transhumaniste |
| 260 | _c2016. | ||
| 500 | _a77 | ||
| 690 | _aHumanisme | ||
| 690 | _aLuc Ferry | ||
| 690 | _aMiguel Benasayag | ||
| 690 | _aTranshumanisme | ||
| 786 | 0 | _nPhilosophie magazine | 99 | 5 | 2016-05-01 | p. 68-70 | 1951-1787 | |
| 856 | 4 | 1 | _uhttps://shs.cairn.info/magazine-philosophie-magazine-2016-5-page-68?lang=fr&redirect-ssocas=7080 |
| 999 |
_c1826254 _d1826254 |
||